Digital design / (Record no. 92239)

MARC details
000 -LEADER
fixed length control field 00565nam a22001937a 4500
005 - DATE AND TIME OF LATEST TRANSACTION
control field 20150416122546.0
010 ## - LCCN (DPL NO)
LC control number ENG-112373
020 ## - INTERNATIONAL STANDARD BOOK NUMBER
International Standard Book Number 9788120349773
Terms of availability 595.00
035 ## - SYSTEM CONTROL NUMBER
System control number EN-95905
037 ## - SOURCE OF ACQUISITION
Source of stock number/acquisition DBAD/PUB
082 ## - DEWEY DECIMAL CLASSIFICATION NUMBER
Classification number 621.395
100 ## - MAIN ENTRY--PERSONAL NAME
Personal name Ananda Natarajan, R.
245 ## - TITLE STATEMENT
Title Digital design /
Statement of responsibility, etc by R.Ananda Natarajan
260 ## - PUBLICATION, DISTRIBUTION, ETC. (IMPRINT)
Place of publication, distribution, etc Delhi
Name of publisher, distributor, etc PHI Learning
Date of publication, distribution, etc 2015
270 ## - ADDRESS
Address 111, Patparganj Industrial Estate,
City Delhi
Postal code 110092
300 ## - PHYSICAL DESCRIPTION
Extent xviii,755p. :
Dimensions 24cm(pbk)
Other physical details ill.
500 ## - GENERAL NOTE
General note Includes index
942 ## - ADDED ENTRY ELEMENTS (KOHA)
Source of classification or shelving scheme Dewey Decimal Classification
Item type English Books
Call number suffix ANA
Classification part 621.395
Holdings
Withdrawn status Lost status Not for loan Collection code Home library Current library Date acquired Source of acquisition Cost, normal purchase price Full call number Barcode Copy number Cost, replacement price Koha item type
    Not For Loan Non-fiction D.B.Act.Division D.B.Act.Division 12/03/2015 DBAD/PUB 595.00 621.395 ANA EN-95905 1 595.00 English Books

© Delhi Public Library
Hit Counter
free hit counter